000 00333nam a22001457a 4500
008 240205b ||||| |||| 00| 0 eng d
020 _a1887457003
041 _aeng
080 _2FIRST EDITION 2002
_a72
082 _a72DIC
100 _a19
101 _aART
245 _aDREAMS AND REALITIES
_cEDWIN DICKINSON
942 _2udc
_cBK
999 _c60568
_d60568